[Event "EU-ch U12"]
[Site "Prague"]
[Date "2012.08.22"]
[Round "6"]
[White "Wallmueller, Peter"]
[Black "Abramov, Nikita"]
[Result "0-1"]
[WhiteElo "1589"]
[BlackElo "1970"]
[PlyCount "80"]
[EventDate "2012.08.17"]
[EventType "swiss"]
[EventRounds "9"]
[EventCountry "CZE"]
[SourceTitle "CBM 150 Extra"]
[Source "ChessBase"]
[SourceDate "2012.10.19"]
[SourceVersion "1"]
[SourceVersionDate "2012.10.19"]
[SourceQuality "1"]

1. d4 Nf6 2. Nf3 g6 3. c4 Bg7 4. Nc3 0-0 5. e4 d6 6. Be2 Bg4 7. Bg5 Nfd7 8. 0-0 c5 9. d5 Bxf3 10. Bxf3 b5 11. cxb5 a6 12. bxa6 Nxa6 13. Qd2 Re8 14. Be2 Qa5 15. a3 Kf8 16. Bh6 Bxh6 17. Qxh6+ Kg8 18. Qe3 Nc7 19. Rab1 Reb8 20. f4 Nb6 21. f5 Na4 22. Nxa4 Qxa4 23. fxg6 fxg6 24. Bd1 Qd7 25. Be2 Nb5 26. Qf2 Rf8 27. Qg3 Nd4 28. Bd3 Qa4 29. e5 c4 30. b3 Qa7 31. Kh1 cxd3 32. exd6 Nf5 33. Qxd3 exd6 34. h4 Rae8 35. Rbe1 Rxe1 36. Rxe1 Qf2 37. Rg1 Ne3 38. Qb5 Ng4 39. Qd7 Qf4 40. Qe6+ Kg7 0-1

[Event "St Petersburg Spring op"]
[Site "St Petersburg"]
[Date "2012.03.30"]
[Round "9"]
[White "Churikov, Viktor"]
[Black "Abramov, Nikita"]
[Result "0-1"]
[WhiteElo "2083"]
[BlackElo "1932"]
[PlyCount "76"]
[EventDate "2012.03.22"]
[EventType "swiss"]
[EventRounds "9"]
[EventCountry "RUS"]
[SourceTitle "EXT 2013"]
[Source "ChessBase"]
[SourceDate "2012.11.22"]
[SourceVersion "1"]
[SourceVersionDate "2012.11.22"]
[SourceQuality "1"]

1. d4 Nf6 2. c4 g6 3. Nc3 Bg7 4. Nf3 0-0 5. g3 d6 6. Bg2 Nbd7 7. 0-0 e5 8. d5 a5 9. Ne1 Nc5 10. Nd3 Nfd7 11. Na4 Nxa4 12. Qxa4 f5 13. e4 Nf6 14. f3 Kh8 15. Bd2 b6 16. b4 Bd7 17. Qc2 axb4 18. Nxb4 Ng8 19. Qc1 fxe4 20. fxe4 Rxf1+ 21. Qxf1 Bh6 22. Qf2 Qe7 23. Be3 Rf8 24. Qd2 Bxe3+ 25. Qxe3 Kg7 26. Rf1 Nf6 27. Qe2 h6 28. Bf3 Qd8 29. Nd3 Rf7 30. Rf2 Qc8 31. Ne1 Qa6 32. Ng2 Qa4 33. Ne3 h5 34. Bg2 Qa5 35. h3 Qc5 36. Kh2 Bc8 37. g4 hxg4 38. hxg4 Qxe3 0-1

[Event "St Petersburg Spring op"]
[Site "St Petersburg"]
[Date "2012.03.28"]
[Round "7"]
[White "Klevets, Ksenia"]
[Black "Abramov, Nikita"]
[Result "0-1"]
[WhiteElo "1815"]
[BlackElo "1932"]
[PlyCount "62"]
[EventDate "2012.03.22"]
[EventType "swiss"]
[EventRounds "9"]
[EventCountry "RUS"]
[SourceTitle "EXT 2013"]
[Source "ChessBase"]
[SourceDate "2012.11.22"]
[SourceVersion "1"]
[SourceVersionDate "2012.11.22"]
[SourceQuality "1"]

1. d4 Nf6 2. Nf3 g6 3. Nbd2 d5 4. e3 Bg7 5. c4 dxc4 6. Bxc4 0-0 7. 0-0 Nbd7 8. b3 c5 9. Bb2 cxd4 10. Nxd4 Nb6 11. Be2 Nfd5 12. Rc1 Bd7 13. Ne4 Nb4 14. a3 Nc6 15. Nc5 Nxd4 16. Bxd4 Bxd4 17. Qxd4 Bc6 18. Qh4 e5 19. Qg3 Qe7 20. Bf3 e4 21. Be2 Rfd8 22. Rfd1 Rxd1+ 23. Bxd1 Rd8 24. b4 a5 25. Be2 axb4 26. axb4 Kg7 27. b5 Bd5 28. Bg4 h5 29. Bh3 Ra8 30. Qf4 Qxc5 31. Qe5+ f6 0-1

[Event "St Petersburg Spring op"]
[Site "St Petersburg"]
[Date "2012.03.26"]
[Round "5"]
[White "Spiridonov, Mikhail"]
[Black "Abramov, Nikita"]
[Result "0-1"]
[WhiteElo "1734"]
[BlackElo "1932"]
[PlyCount "68"]
[EventDate "2012.03.22"]
[EventType "swiss"]
[EventRounds "9"]
[EventCountry "RUS"]
[SourceTitle "EXT 2013"]
[Source "ChessBase"]
[SourceDate "2012.11.22"]
[SourceVersion "1"]
[SourceVersionDate "2012.11.22"]
[SourceQuality "1"]

1. d4 Nf6 2. c4 e6 3. Nc3 Bb4 4. Nf3 d6 5. a3 Bxc3+ 6. bxc3 Nbd7 7. Bg5 Qe7 8. e3 0-0 9. Bd3 e5 10. e4 h6 11. Bxf6 Nxf6 12. d5 Nh5 13. Qc2 Nf4 14. g3 Ng6 15. h4 Qe8 16. Nh2 f5 17. exf5 e4 18. Bxe4 Bxf5 19. f3 Qe5 20. 0-0-0 Bxe4 21. fxe4 a6 22. h5 Ne7 23. g4 b5 24. g5 Qxg5+ 25. Rd2 Rf2 26. Kd1 Qxh5+ 27. Ke1 Rxd2 28. Kxd2 Qg5+ 29. Kd1 Rf8 30. Qe2 Qg3 31. Ng4 Rf4 32. Nxh6+ gxh6 33. Qd2 Rf2 34. Qxh6 Qd3+ 0-1

[Event "St Petersburg Spring op"]
[Site "St Petersburg"]
[Date "2012.03.23"]
[Round "2"]
[White "Abramov, Nikita"]
[Black "Vunder, Yakov"]
[Result "0-1"]
[WhiteElo "1932"]
[BlackElo "2193"]
[PlyCount "112"]
[EventDate "2012.03.22"]
[EventType "swiss"]
[EventRounds "9"]
[EventCountry "RUS"]
[SourceTitle "EXT 2013"]
[Source "ChessBase"]
[SourceDate "2012.11.22"]
[SourceVersion "1"]
[SourceVersionDate "2012.11.22"]
[SourceQuality "1"]

1. e4 c5 2. Nf3 g6 3. d4 cxd4 4. Nxd4 Bg7 5. c4 Nc6 6. Be3 Nf6 7. Nc3 d6 8. Be2 0-0 9. 0-0 Bd7 10. Qd2 Nxd4 11. Bxd4 Bc6 12. f3 a5 13. Be3 Nd7 14. a4 Nc5 15. Bd1 Qb6 16. Rb1 Qb4 17. Nd5 Bxd5 18. Qxd5 Rfd8 19. Bd2 Qb6 20. Be3 Qb4 21. Bd2 Qb6 22. Be3 e6 23. Qd2 Qc6 24. Qc2 Na6 25. Rc1 Rac8 26. b3 Nb4 27. Qb1 Qa6 28. Re1 d5 29. cxd5 exd5 30. Be2 Qe6 31. Rxc8 Rxc8 32. Rd1 f5 33. Rc1 fxe4 34. Rxc8+ Qxc8 35. fxe4 Qc3 36. Bf2 Qd2 37. Bf3 Bd4 38. Bxd4 Qxd4+ 39. Kf1 Nd3 40. Qc2 dxe4 41. Bg4 Qa1+ 42. Bd1 Qf6+ 43. Kg1 Qd4+ 44. Kf1 Qe3 45. Qe2 Qf4+ 46. Kg1 Qc1 47. Kf1 Nb2 48. Ke1 Qxd1+ 49. Qxd1 Nxd1 50. Kxd1 Kf7 51. Kd2 Ke6 52. Ke3 Ke5 53. h3 b6 54. h4 h6 55. g4 h5 56. g5 Kd5 0-1